Megnyílt a nyári tárlat

Elmentve itt :
Bibliográfiai részletek
Dokumentumtípus: Cikk
Megjelent: 1967-08-01
Sorozat:Délmagyarország 57 No. 179
Kulcsszavak:Bálint Alajos, Somogyi József, Biczó György, Erdélyi Mihály, Magos Gyula, Somos Miklós, Würtz Ádám, Szegedi Nyári Tárlat 1967, műgyűjtők kiállítása
Online Access:http://dmarchiv.bibl.u-szeged.hu/77137
LEADER 00547nab a2200145 i 4500
001 delm77137
005 20180928084322.0
008 180928s1967 hu o 0|| hun d
040 |a SZTE Délmagyarország Archívum  |b hun 
041 |a hun 
245 0 0 |a Megnyílt a nyári tárlat  |h [elektronikus dokumentum] 
260 |c 1967-08-01 
300 |a 5 
490 0 |a Délmagyarország  |v 57 No. 179 
695 |a Bálint Alajos, Somogyi József, Biczó György, Erdélyi Mihály, Magos Gyula, Somos Miklós, Würtz Ádám, Szegedi Nyári Tárlat 1967, műgyűjtők kiállítása